00837nam a2200217 a 4500001001300000003000900013005001700022008004100039020001800080040002800098100002700126245006500153260007600218300004600294500006700340650003900407650005100446650005000497650002200547700005000569C01467546c-0CO-ViMGA20230915233555.0150302s2013 ck a gr 00010dspa d a9789586652483 aCO-ViMGAbspacCO-ViMGA1 aVilloro, Juan, d1956-13aLa calavera de cristal / cJuan Villoro ; ilustraciones BEF. aBogotá : bSiglo del Hombre Editores : bEditorial Sexto Piso,c2013. a74 páginas : bilustraciones ; c26 cm. aBasado en el guión de Nicolás Echevarría y Juan Villoro.14aTiras cómicas, historietas, etc.14aAventurasx Tiras cómicas, historietas, etc.14aMisteriox Tiras cómicas, historietas, etc.14aNovela gráfica.1 aFernández, Bernardo, d1972-, eilustrador.